| 000 | 01198nam a2200337 a 4500 | ||
|---|---|---|---|
| 001 | 000111488 | ||
| 003 | CHAP | ||
| 005 | 20220329144213.0 | ||
| 008 | 150512s2015 mx a fsm |||||||spa d | ||
| 010 | _a107950 | ||
| 011 | _a108922 | ||
| 040 | _cCHAP | ||
| 090 | _aTesis | ||
| 100 | 1 |
_aMárquez Coronel, Rosalía _9129368 |
|
| 245 | 1 | 0 |
_aPropuesta de tormenta diseño para Chapingo, Estado de México _h[En línea] _cpor Rosalía Márquez Coronel y Emmanuel Mendoza Zavaleta. |
| 260 |
_aChapingo, Méx. : _bEl autor, _c2015. |
||
| 500 | _aPara ver el contenido del material haga clic en la liga | ||
| 502 | _aTesis (Ing. en Irrigación) -- UACH. Departamento de Irrigación | ||
| 590 |
_aE6096MTM _b05 _c20150512 _lUCH01 _h1224 |
||
| 590 |
_aE6096MTM _b05 _c20150512 _lUCH01 _h1225 |
||
| 650 | 1 | 4 |
_aEcuaciones. _935304 |
| 650 | 1 | 4 |
_aLluvia _xMedición. _967325 |
| 650 | 1 | 4 |
_aLluvia _xMéxico (Edo.) _967329 |
| 650 | 1 | 4 |
_aPrecipitación (Meteorología) _xMéxico (Edo.) _991354 |
| 650 | 1 | 4 |
_aTormentas. _9113949 |
| 700 | 1 |
_aMendoza Zavaleta, Emmanuel _9129369 |
|
| 856 |
_aFinding aid _uhttp://10.13.5.2/tesis/sist111488.pdf _zTeclea aquí |
||
| 901 | _aBK | ||
| 942 | _cTESIS | ||
| 942 | _n0 | ||
| 999 |
_c107950 _d107950 |
||